000
00384nam a2200133Ia 4500
008
100328s9999 xx 000 0 und d
082
_b
40494
100
_a
आपटे ह.ना.
245
_a
सूर्यग्रहण
260
_b
अ.वि.पटर्वान
630
_a
सूर्यग्रहण
730
_a
सूर्यग्रहण
942
_c
BOOK
999
_c
529205
_d
529202